000 00343 a2200157 4500
001 195134
020 _a978-85-418-2082-0
040 _cMagnum
100 _aHergesel, João Paulo
240 1 0 _aA vaca presepeira
_l
245 1 0 _aA vaca presepeira
300 _a48
362 0 _a2018
697 _aLITERATURA INFANTO-JUVENIL
942 _cBK
999 _c195134
_d195134